Statistiques concernant Une très belle année - Le Sortilège de Cendrillon (Paroles)

Cliquez ici pour prendre le quiz!

Statistiques générales

  • Ce quiz a été pris 17 fois
  • Le résultat moyen est 211 sur 257

Statistiques - réponses

Paroles% Correct
de
100%
le
100%
ma
100%
se
100%
AnastasieA
92%
à
92%
a
92%
année
92%
bal
92%
belle
92%
ce
92%
A&J | C,P,BF,J&GCe
92%
A&JCendrillon
92%
c'est
92%
C'est
92%
je
92%
Je
92%
la
92%
AnastasieLa
92%
Les
92%
les
92%
mauvaise
92%
me
92%
mes
92%
moi
92%
Anastasie | CendrillonMoi
92%
On
92%
on
92%
JavotteOu
92%
pour
92%
Pour
92%
prince
92%
très
92%
un
92%
C,P,BF,J&GUne
92%
une
92%
vie
92%
ai
85%
ça
85%
cette
85%
Cette
85%
conte
85%
elle
85%
est
85%
et
85%
Et
85%
fées
85%
Anastasie | Bonne féeIl
85%
JackIls
85%
j'ai
85%
m'aimer
85%
ne
85%
nous
85%
Oui
85%
oui
85%
petit
85%
pourra
85%
princesse
85%
Que
85%
qui
85%
Qui
85%
rêve
85%
sorcière
85%
toi
85%
verre
85%
vous
85%
vrai
85%
bien
77%
charmant
77%
cœur
77%
dans
77%
dirait
77%
encore
77%
fait
77%
fin
77%
fou
77%
Grâce
77%
jamais
77%
AnastasieJ'en
77%
jolie
77%
l'ai
77%
lui
77%
magie
77%
main
77%
mains
77%
Mais
77%
marre
77%
merveilleuse
77%
merveilleux
77%
mon
77%
ongles
77%
palais
77%
BF,J&GPar
77%
parfait
77%
peu
77%
plaît
77%
quel
77%
C&PRien
77%
secrets
77%
séparer
77%
sera
77%
Si
77%
si
77%
sol
77%
son
77%
sont
77%
soulier
77%
temps
77%
Gustout
77%
vaisselle
77%
vraiment
77%
y
77%
anniversaire
69%
Bonne féeAvec
69%
beau
69%
Bibidi
69%
cauchemar
69%
cavalière
69%
chance
69%
destin
69%
doit
69%
doux
69%
enfin
69%
essayer
69%
eu
69%
exister
69%
folle
69%
heureux
69%
m'âbimer
69%
maintenant
69%
AnastasieMalheureuse
69%
même
69%
n'ai
69%
rend
69%
savoir
69%
serait
69%
suis
69%
trouvé
69%
voudrais
69%
altesse
62%
Bobidi
62%
célébrer
62%
d'amour
62%
demander
62%
épouse
62%
fêtons
62%
frotter
62%
invitées
62%
l'air
62%
m'épouser
62%
Offrant
62%
Oh
62%
Pourquoi
62%
qu'un
62%
rêvais
62%
s'arrêtera-t-il
62%
thé
62%
veuille
62%
vieille
62%
voulait
62%
Boo
54%
désormais
54%
joyeux
54%
s'inquiéter
54%
avenir
46%
notre
46%

Distribution des résultats

Percentile par nombre de réponses

% des personnes avec chaque résultat

Votre développement - résultats

Vous n’avez pas pris ce quiz